000 00577nam a2200229Ia 4500
003 OSt
005 20221005122335.0
006 a|||||r|||| 00| 0
007 ta
008 221004b |||||||| |||| 00| 0 kan d
024 _a61841
037 _cTextual
040 _aCRL
_cCRL
_bkan
041 _2kan
_akan
082 _aY:351:g, 33K9
100 _aKrishnakumar C. P. Au.
_9631821
245 0 _aJanapada pratibhe
260 _c1969
650 _aSOCIOLOGY
942 _hY:351:g, 33K9
_cTEXL
_2cc
999 _c1043981
_d1043981